[Event "Hannover-ch U14"]
[Site "Lehrte"]
[Date "2006.10.15"]
[Round "4"]
[White "Loewe, Lennard"]
[Black "Zwick, Felix"]
[Result "1/2-1/2"]
[WhiteElo "1170"]
[BlackElo "1698"]
[PlyCount "99"]
[EventDate "2006.10.14"]
[EventType "swiss"]
[EventRounds "7"]
[EventCountry "GER"]
[SourceTitle "EXT 2021"]
[Source "ChessBase"]
[SourceDate "2020.10.23"]
[SourceVersion "1"]
[SourceVersionDate "2020.10.23"]
[SourceQuality "1"]

1. d4 g6 2. e3 Bg7 3. Nf3 c6 4. Bd3 d5 5. Nbd2 Bg4 6. 0-0 e6 7. c3 Bxf3 8. Nxf3 Nd7 9. e4 Ne7 10. Re1 0-0 11. Ng5 h6 12. Nf3 a6 13. Be3 b5 14. Qd2 Kh7 15. Qe2 Nf6 16. e5 Nd7 17. Nh4 Nf5 18. Nxf5 exf5 19. b3 Re8 20. Qf3 Nb6 21. Rac1 a5 22. c4 bxc4 23. bxc4 f6 24. Bf4 fxe5 25. dxe5 dxc4 26. Bxc4 Nxc4 27. Rxc4 g5 28. Be3 Rxe5 29. Rd1 Qe8 30. Qxc6 f4 31. Qxe8 Raxe8 32. Bd2 Rd5 33. Rcc1 Red8 34. Rc2 Bc3 35. Rxc3 Rxd2 36. Rxd2 Rxd2 37. Kf1 Rxa2 38. g3 fxg3 39. hxg3 a4 40. Kg2 a3 41. Kf3 Ra1 42. Kg2 a2 43. Ra3 Kg6 44. Kf3 h5 45. Kg2 h4 46. gxh4 gxh4 47. Ra6+ Kf5 48. Ra5+ Ke4 49. Ra4+ Kf5 50. Ra5+ 1/2-1/2

[Event "Hannover-ch U14"]
[Site "Lehrte"]
[Date "2006.10.15"]
[Round "3"]
[White "Zwick, Felix"]
[Black "Fedderke, Christoph"]
[Result "1/2-1/2"]
[WhiteElo "1698"]
[BlackElo "1093"]
[PlyCount "80"]
[EventDate "2006.10.14"]
[EventType "swiss"]
[EventRounds "7"]
[EventCountry "GER"]
[SourceTitle "EXT 2021"]
[Source "ChessBase"]
[SourceDate "2020.10.23"]
[SourceVersion "1"]
[SourceVersionDate "2020.10.23"]
[SourceQuality "1"]

1. g3 d5 2. Bg2 Nf6 3. c3 b6 4. d4 Bb7 5. Bg5 Nbd7 6. Nd2 g6 7. Bxf6 Nxf6 8. e3 Bg7 9. Ne2 0-0 10. 0-0 e6 11. c4 c5 12. dxc5 bxc5 13. Rc1 Qb6 14. b3 Rfd8 15. Qc2 Rac8 16. cxd5 exd5 17. Nf4 Rd7 18. Bh3 Rdc7 19. Bxc8 Rxc8 20. f3 a5 21. Nd3 Nd7 22. Rfe1 Kh8 23. a3 f5 24. Qb1 Ne5 25. Nxe5 Bxe5 26. Qc2 Ba6 27. Kg2 Kg7 28. Nf1 Kf6 29. f4 Bd6 30. Red1 Qc6 31. Kf2 Bb7 32. Ke1 Re8 33. Rd2 d4 34. Re2 Qf3 35. Qd3 Qg4 36. Rcc2 Be4 37. Qd2 Bxc2 38. Qxc2 Qf3 39. Qd3 Qe4 40. Qxe4 fxe4 1/2-1/2

[Event "Niedersachsen-ch U12"]
[Site "Borkum"]
[Date "2004.04.04"]
[Round "3"]
[White "Bohn, Dennis"]
[Black "Zwick, Felix"]
[Result "0-1"]
[WhiteElo "829"]
[BlackElo "1176"]
[PlyCount "96"]
[EventDate "2004.04.??"]
[EventType "swiss"]
[EventRounds "9"]
[EventCountry "GER"]
[SourceTitle "EXT 2005"]
[Source "ChessBase"]
[SourceDate "2004.11.15"]
[SourceVersion "1"]
[SourceVersionDate "2004.11.15"]
[SourceQuality "1"]

1. e4 e6 2. d4 d5 3. e5 c5 4. Be3 cxd4 5. Bxd4 Nc6 6. Nf3 Nxd4 7. Nxd4 Qc7 8. f4 Bc5 9. Nf3 Ne7 10. Nc3 Qb6 11. Qd2 Be3 12. Qe2 Bxf4 13. Nd1 Nf5 14. Qb5+ Qxb5 15. Bxb5+ Bd7 16. Bxd7+ Kxd7 17. g3 Be3 18. g4 Nd4 19. Nxe3 Nxf3+ 20. Kf2 Nxe5 21. Rad1 Kd6 22. c4 Rhd8 23. cxd5 exd5 24. Rxd5+ Ke6 25. Rb5 b6 26. Rb3 f6 27. Kg3 Rd3 28. Rxd3 Nxd3 29. b3 Ne5 30. Re1 Kf7 31. Nf5 Rd8 32. Re3 g6 33. Nh4 Rd3 34. Rxd3 Nxd3 35. Kf3 Nc1 36. a3 Nxb3 37. Ng2 Nd2+ 38. Kf4 Nc4 39. Ke4 Nxa3 40. Kd4 a5 41. Kc3 b5 42. Ne1 Ke6 43. Kd4 b4 44. Nd3 Kd6 45. Nc5 Nc2+ 46. Kc4 Ne3+ 47. Kb5 Nxg4 48. Kxa5 Kxc5 0-1

[Event "GER-ch U10"]
[Site "Winterberg"]
[Date "2002.??.??"]
[Round "1"]
[White "Mihok, Oliver"]
[Black "Zwick, Felix"]
[Result "1-0"]
[WhiteElo "1418"]
[BlackElo "1015"]
[PlyCount "111"]
[EventDate "2002.05.19"]
[EventType "swiss"]
[EventRounds "11"]
[EventCountry "GER"]
[SourceTitle "CBM 088 Extra"]
[Source "ChessBase"]
[SourceDate "2002.07.01"]
[SourceVersion "2"]
[SourceVersionDate "2002.07.01"]
[SourceQuality "1"]

1. e4 e5 2. f4 exf4 3. Nf3 Nf6 4. e5 Ng4 5. d4 d5 6. Bxf4 Bf5 7. Bd3 Bxd3 8. Qxd3 f6 9. 0-0 fxe5 10. Nxe5 Nxe5 11. Bxe5 Nc6 12. Qf5 Qd7 13. Qh5+ g6 14. Qe2 Rg8 15. Bxc7+ Qe7 16. Qxe7+ Bxe7 17. c3 Bg5 18. Na3 Be3+ 19. Kh1 Rf8 20. Rfe1 Kd7 21. Rxe3 Kxc7 22. Kg1 Rae8 23. Rae1 Rxe3 24. Rxe3 a6 25. Nc2 b5 26. b3 a5 27. Re2 b4 28. c4 Rf4 29. g3 Nxd4 30. Re7+ Kd6 31. gxf4 Kxe7 32. Nxd4 Kd6 33. Nf3 dxc4 34. bxc4 Kc5 35. Ne5 a4 36. Kf2 b3 37. axb3 axb3 38. Ke2 b2 39. Nd3+ Kxc4 40. Nxb2+ Kd4 41. Kf3 Kd5 42. Nd3 Ke6 43. Kg4 Kf6 44. h4 h6 45. h5 gxh5+ 46. Kxh5 Kg7 47. Kg4 Kg6 48. f5+ Kf6 49. Nf4 Ke5 50. Nh5 Kd6 51. f6 Ke6 52. Kf4 Kf7 53. Kf5 Kg8 54. Kg6 Kf8 55. f7 Ke7 56. Kg7 1-0